[Event "CC Sarajevo chess Championship"]
[Site "Sarajevo"]
[Date "2018.02.24"]
[Round "6.7"]
[White "Camdzija, Samir"]
[Black "Haskovic, Salih"]
[Result "1/2-1/2"]
[WhiteElo "1822"]
[BlackElo "1887"]
[PlyCount "71"]
[EventDate "2018.02.19"]

1. e4 e5 2. Nf3 Nc6 3. Bc4 h6 4. Nc3 Nf6 5. h3 Be7 6. a3 O-O 7. O-O Nxe4 8.
Nxe4 d5 9. Bb5 dxe4 10. Bxc6 bxc6 11. Nxe5 Qd5 12. Ng4 Bxg4 13. Qxg4 f5 14. Qe2
Rf6 15. c4 Qf7 16. f4 Rd8 17. b4 Rd3 18. Bb2 Rg6 19. Kh2 Qxc4 20. Qf2 Kh7 21.
Bc3 e3 22. Qe1 e2 23. Rf2 Bh4 24. Qxe2 Bxf2 25. Qxf2 Rdg3 26. Rg1 Qd3 27. a4 a6
28. a5 h5 29. Bd4 Qe4 30. Bc5 h4 31. d4 Qd3 32. Be7 Rh6 33. Bg5 Rh5 34. Be7 Rh6
35. Bc5 Rhg6 36. Kh1 1/2-1/2

[Event "CC Sarajevo chess Championship"]
[Site "Sarajevo"]
[Date "2018.02.25"]
[Round "7.1"]
[White "Oputic, Mirsad"]
[Black "Mrndjic, Muamer"]
[Result "0-1"]
[WhiteElo "1916"]
[BlackElo "2154"]
[PlyCount "75"]
[EventDate "2018.02.19"]

1. e4 e5 2. Nf3 Nc6 3. Bb5 Nf6 4. d3 Ne7 5. Bg5 c6 6. Ba4 Ng6 7. Nh4 Bc5 8.
Nxg6 hxg6 9. Nd2 Qb6 10. Nc4 Qc7 11. Bb3 d6 12. Bxf6 gxf6 13. c3 Qe7 14. Qe2 f5
15. g3 Be6 16. Bc2 a5 17. Nd2 O-O-O 18. a3 fxe4 19. dxe4 Qc7 20. O-O-O d5 21.
Kb1 Qb6 22. b4 axb4 23. cxb4 Bxf2 24. Nb3 Qe3 25. Qxe3 Bxe3 26. exd5 Bxd5 27.
Rhe1 Bf2 28. Re2 Rxh2 29. Rf1 Bxg3 30. Nc1 Bc4 31. Rxh2 Bxh2 32. Re1 Rd2 33.
Kb2 Bg3 34. Rg1 Bf2 35. Rh1 Bd4+ 36. Kb1 e4 37. Bxe4 Rb2+ 38. Ka1 0-1

[Event "CC Sarajevo chess Championship"]
[Site "Sarajevo"]
[Date "2018.02.25"]
[Round "7.2"]
[White "Dedic, Nedzad"]
[Black "Hadzovic, Amir"]
[Result "1/2-1/2"]
[WhiteElo "1935"]
[BlackElo "2281"]
[PlyCount "166"]
[EventDate "2018.02.19"]

1. e4 e5 2. Bc4 Nf6 3. Nc3 Bc5 4. d3 c6 5. Nf3 d6 6. h3 Nbd7 7. O-O O-O 8. Bg5
Re8 9. Ne2 Nf8 10. Ng3 h6 11. Be3 Ng6 12. Qd2 Bxe3 13. fxe3 d5 14. exd5 cxd5
15. Bb3 Qc7 16. Qf2 Be6 17. Nd2 Qd7 18. Nf5 Nh7 19. Nh4 Ne7 20. e4 Ng5 21. Nhf3
Nxf3+ 22. Nxf3 f6 23. Nh4 Rf8 24. Rad1 d4 25. Nf5 Bxb3 26. Nxe7+ Qxe7 27. axb3
Rfc8 28. Rd2 Rc6 29. Qe1 Rac8 30. Rff2 Qb4 31. Qd1 R8c7 32. Qa1 Ra6 33. Qb1 g6
34. Qd1 Kg7 35. h4 Qb5 36. h5 Qe8 37. g4 Qc8 38. Kh2 Rc5 39. hxg6 Qe8 40. Kg3
Qxg6 41. Rf5 Rca5 42. Qh1 Ra1 43. Rd1 R1a2 44. Rb1 Rc6 45. Qh2 Kf7 46. Qd2 Ke8
47. Rh5 Kd7 48. Rxh6 Qg5 49. Qxg5 fxg5 50. Rxc6 Kxc6 51. Kf3 Kc5 52. Ke2 b5 53.
Rf1 Rxb2 54. Kd2 Ra2 55. Rf5 Kd6 56. Rxg5 Ra1 57. Rg6+ Ke7 58. g5 Kf7 59. Rf6+
Ke7 60. Rf5 Ke6 61. Rf6+ Ke7 62. Rf5 Ke6 63. Rf6+ Ke7 64. Rc6 Kd7 65. Rc5 Kd6
66. Rd5+ Ke6 67. Rxb5 Rg1 68. Ra5 Rxg5 69. Rxa7 Rg1 70. Ra6+ Kf7 71. Ra5 Ke6
72. Rc5 Kd6 73. Rc4 Rb1 74. Ke2 Ke6 75. Kf3 Rf1+ 76. Kg4 Rg1+ 77. Kh4 Rh1+ 78.
Kg5 Rg1+ 79. Kh6 Kd6 80. Kh7 Rg3 81. b4 Rg1 82. Rc5 Rb1 83. Rb5 Rb2 1/2-1/2

[Event "CC Sarajevo chess Championship"]
[Site "Sarajevo"]
[Date "2018.02.25"]
[Round "7.4"]
[White "Bavcic, Fuad"]
[Black "Hasanovic, Jakub"]
[Result "0-1"]
[WhiteElo "1671"]
[BlackElo "1834"]
[PlyCount "142"]
[EventDate "2018.02.19"]

1. d4 d5 2. c4 dxc4 3. e4 c5 4. d5 a6 5. Bxc4 b5 6. Be2 Nf6 7. Bf3 e6 8. Bg5 e5
9. Ne2 h6 10. Be3 Ng4 11. Bxg4 Bxg4 12. f3 Bd7 13. O-O Bd6 14. Qc2 Qe7 15. f4
c4 16. fxe5 Bxe5 17. Nbc3 O-O 18. Nd4 Qd6 19. Nf3 f5 20. Nxe5 Qxe5 21. Bf4 Qd4+
22. Kh1 b4 23. Rfd1 Qc5 24. Ne2 fxe4 25. Qxe4 Bf5 26. Qe5 Nd7 27. Qd6 Qxd6 28.
Bxd6 Rf7 29. Bxb4 Bd3 30. Re1 Re8 31. Ng3 Rb8 32. Bc3 Nb6 33. d6 Nd5 34. Bd4
Rd7 35. h4 Rbd8 36. Bc5 Rc8 37. Ba3 Nf6 38. Re7 Rcd8 39. b3 Bc2 40. Rc1 cxb3
41. axb3 Bxb3 42. Rc6 a5 43. Nf5 Ne8 44. Nd4 Rxe7 45. dxe7 Rxd4 46. Rc8 Kf7 47.
g3 Bd5+ 48. Kg1 Rd1+ 49. Kf2 Rh1 50. Rc3 Rh2+ 51. Ke3 a4 52. Kd4 Bb3 53. Rf3+
Nf6 54. Bb4 Bd1 55. Rc3 Rb2 56. Bc5 Re2 57. Rc1 Re4+ 58. Kd3 Be2+ 59. Kd2 Rc4
60. Re1 Rxc5 61. Rxe2 Rc7 62. g4 Rxe7 63. Rf2 Ke8 64. Rf4 Re4 65. Rxe4+ Nxe4+
66. Kc2 Nf2 67. g5 hxg5 68. hxg5 Ne4 69. g6 Ke7 70. Kb2 Kf6 71. Ka3 Nc5 0-1